| 000 | 00434nam a2200145 a 4500 | ||
|---|---|---|---|
| 001 | 000027064 | ||
| 005 | 20200930030559.0 | ||
| 008 | 110329s1958 dr ac 000 0 spa d | ||
| 040 |
_aDO-SdBNP _bspa _cBNPHU |
||
| 082 | _axxxx | ||
| 245 | 0 | 0 |
_aGran desfile nacional : _b16 de agosto de 1958. |
| 260 |
_aCiudad Trujillo, República Dominicana : _bEditora del Caribe, _c1958. |
||
| 300 |
_a279 p. : _bil., retrs. ; _c34 cm. |
||
| 049 | _aBNPD | ||
| 999 |
_c26556 _d26556 |
||